| 000 | 00853nmc a2200277 a 4500 | ||
|---|---|---|---|
| 003 | AR-BaBNM | ||
| 005 | 20251128203513.0 | ||
| 008 | 136019s1931 ||||||||||||||000 | spa|| | ||
| 040 | _cAR-BaBNM | ||
| 100 | 1 | _aSpranger, Eduard | |
| 245 | 1 | 0 | _aLos fundamentos científicos de la teoría de la Constitución y de la política escolares |
| 250 | _a1ª ed. | ||
| 260 |
_aMadrid _bPublicaciones de la Revista de Pedagogía _c1931 |
||
| 300 | 0 | _a112 p. | |
| 490 | 0 |
_aRevista de pedagogía. La pedagogía social y política _vv. 1 |
|
| 650 | 4 | _aESTADO Y EDUCACION | |
| 650 | 4 | _aORGANIZACION ESCOLAR | |
| 650 | 4 | _aADMINISTRACION ESCOLAR | |
| 650 | 4 | _aCONSTITUCIONES | |
| 650 | 4 | _aPOLITICA EDUCATIVA | |
| 651 | 4 | _aAlemania | |
| 700 | 1 |
_aLuzuriaga, Lorenzo _etraductor |
|
| 800 | 1 |
_aLuzuriaga, Lorenzo _edirector |
|
| 942 | _cBK | ||
| 998 | _cCarmen | ||
| 999 |
_c3679 _d3679 |
||